[Event "5. Nord-West-Cup"]
[Site "?"]
[Date "2003.??.??"]
[Round "2"]
[White "Lammers, Markus"]
[Black "Lanka, Zigurds"]
[Result "0-1"]
[WhiteElo "2137"]
[BlackElo "2509"]
[PlyCount "74"]

1. e4 c5 2. Nf3 Nc6 3. c3 Nf6 4. e5 Nd5 5. d4 cxd4 6. cxd4 d6 7. exd6 Qxd6 8.
Nc3 Bf5 9. Bb5 e6 10. O-O Be7 11. Bg5 Bxg5 12. Nxg5 O-O 13. Bd3 Qf4 14. Nxd5
Qxg5 15. Bxf5 Qxf5 16. Ne3 Qb5 17. a4 Qxb2 18. Rb1 Qxd4 19. Qxd4 Nxd4 20. Rxb7
h5 21. Rd1 Rfd8 22. a5 e5 23. Kf1 f6 24. Rc1 Rac8 25. Rcb1 a6 26. g3 f5 27.
R1b6 Kh7 28. f4 Rc3 29. Kf2 exf4 30. gxf4 Re8 31. Rd7 Re4 32. Rb4 Rxf4+ 33. Kg2
Rxe3 34. Rbxd4 Rxd4 35. Rxd4 Re5 36. Ra4 g5 37. Kf3 h4 0-1

[Event "5. Nord-West-Cup"]
[Site "?"]
[Date "2003.??.??"]
[Round "2"]
[White "Fish, Gennadij"]
[Black "Großkopf, Lars"]
[Result "1-0"]
[WhiteElo "2500"]
[BlackElo "2142"]
[PlyCount "83"]

1. d4 Nf6 2. c4 g6 3. Nc3 d5 4. Nf3 Bg7 5. Bg5 Ne4 6. cxd5 Nxg5 7. Nxg5 e6 8.
Qd2 exd5 9. Qe3+ Kf8 10. Qf4 Bf6 11. h4 Kg7 12. e3 c6 13. Bd3 a5 14. O-O-O b5
15. g4 a4 16. Nxf7 Kxf7 17. g5 b4 18. Ne2 Ba6 19. Bxa6 Nxa6 20. h5 Kg7 21.
gxf6+ Qxf6 22. Rdg1 Kf7 23. Rh4 Rag8 24. Rg5 Qxf4 25. Rxf4+ Kg7 26. Rfg4 Kf7
27. Nf4 gxh5 28. Rf5+ Ke7 29. Rxg8 Rxg8 30. Rxh5 Rg7 31. Rh6 Nb8 32. Nd3 b3 33.
axb3 axb3 34. Kd2 Nd7 35. Rxc6 Nf6 36. Nf4 Rg1 37. Rb6 h5 38. Rxb3 h4 39. Rb8
Rh1 40. Rh8 Rh2 41. Ke1 Ne4 42. Rxh4 1-0

[Event "5. Nord-West-Cup"]
[Site "?"]
[Date "2003.??.??"]
[Round "2"]
[White "Wichelmann, Martin"]
[Black "Gutman, Lev"]
[Result "0-1"]
[WhiteElo "2119"]
[BlackElo "2495"]
[PlyCount "108"]

1. e4 c5 2. c3 d5 3. exd5 Qxd5 4. d4 Nf6 5. Nf3 g6 6. c4 Qd8 7. Be2 Bg7 8. dxc5
Qxd1+ 9. Bxd1 Ne4 10. Na3 O-O 11. Nb5 Nc6 12. Bc2 Nxc5 13. Be3 Na6 14. O-O-O
Bg4 15. Be4 Rac8 16. Kb1 Nab8 17. b3 a6 18. Nbd4 Nd8 19. h3 Bd7 20. h4 f5 21.
Bc2 e5 22. Ne2 h6 23. Nc3 Ndc6 24. Nd5 Be6 25. Bc5 Rfe8 26. Bd6 e4 27. Nh2 Bxd5
28. Rxd5 Nd7 29. Rhd1 Nf6 30. R5d2 Bf8 31. Nf1 Rcd8 32. Ne3 Kf7 33. g3 Bxd6 34.
Rxd6 Rxd6 35. Rxd6 Ke7 36. Rd2 Ne5 37. Kb2 Neg4 38. Nxg4 Nxg4 39. Bd1 Nf6 40.
Kc3 g5 41. hxg5 hxg5 42. b4 Ke6 43. c5 Ke5 44. Rd6 f4 45. gxf4+ gxf4 46. Kc4
Rh8 47. Rb6 Rh1 48. Ba4 e3 49. fxe3 f3 50. Rxb7 Rc1+ 51. Kd3 f2 52. Re7+ Kf5
53. Bd7+ Nxd7 54. Rf7+ Nf6 0-1

[Event "5. Nord-West-Cup"]
[Site "?"]
[Date "2003.??.??"]
[Round "2"]
[White "Karpatchev, Aleksandr"]
[Black "Thamm, Oliver"]
[Result "1-0"]
[WhiteElo "2494"]
[BlackElo "2123"]
[PlyCount "41"]

1. e4 g6 2. d4 Bg7 3. Nc3 d6 4. f4 Nh6 5. Nf3 O-O 6. Be3 Bg4 7. Qd2 Bxf3 8.
gxf3 f5 9. O-O-O Nd7 10. e5 e6 11. d5 exd5 12. Qxd5+ Kh8 13. h4 Nb6 14. Qxb7
Qe7 15. h5 gxh5 16. Rxh5 Qf7 17. Rh2 Ng8 18. exd6 Rab8 19. Qxc7 Qe6 20. Bd4 Nf6
21. Ba6 1-0

[Event "5. Nord-West-Cup"]
[Site "?"]
[Date "2003.??.??"]
[Round "2"]
[White "Paust, Wolf-Dieter"]
[Black "Meins, Gerlef"]
[Result "0-1"]
[WhiteElo "2107"]
[BlackElo "2436"]
[PlyCount "84"]

1. e4 c5 2. Nf3 Nc6 3. Bc4 e6 4. Nc3 Nf6 5. d3 d5 6. Bb3 Be7 7. O-O O-O 8. Bf4
a6 9. a4 b6 10. Re1 Ra7 11. h3 h6 12. e5 Nh7 13. Ne2 f5 14. exf6 Bxf6 15. d4
Raf7 16. c3 Be7 17. Bg3 Rxf3 18. gxf3 Ng5 19. f4 Nf3+ 20. Kg2 Nxe1+ 21. Qxe1
cxd4 22. Nxd4 Nxd4 23. cxd4 Bd6 24. Rc1 Qf6 25. Rc6 Bb8 26. Qe3 Qd8 27. Bc2 Bd7
28. Rc3 Qf6 29. Qd3 a5 30. b3 Bd6 31. Qh7+ Kf7 32. Rf3 Ke7 33. f5 Bxg3 34. fxg3
Kd6 35. Rf4 exf5 36. g4 Qg5 37. Kg3 fxg4 38. Rxf8 gxh3+ 39. Kf2 h2 40. Be4 dxe4
41. Qxe4 Qg1+ 42. Ke2 Qg4+ 0-1

[Event "5. Nord-West-Cup"]
[Site "?"]
[Date "2003.??.??"]
[Round "2"]
[White "Jugelt, Tobias"]
[Black "Potthammel, Jörg"]
[Result "1-0"]
[WhiteElo "2431"]
[BlackElo "2107"]
[PlyCount "39"]

1. d4 d5 2. Bg5 Nf6 3. Nc3 Bf5 4. Qd2 c5 5. Bxf6 gxf6 6. dxc5 e6 7. O-O-O Nc6
8. e4 dxe4 9. Qe3 Qa5 10. Bb5 a6 11. Bxc6+ bxc6 12. Nxe4 Bxe4 13. Qxe4 Qxc5 14.
Nf3 Bh6+ 15. Kb1 O-O 16. Nd4 Rab8 17. Qxc6 Qb4 18. Nb3 Rfc8 19. Qxa6 Ra8 20. a3
1-0

[Event "5. Nord-West-Cup"]
[Site "?"]
[Date "2003.??.??"]
[Round "2"]
[White "Jordan, Jürgen"]
[Black "Baramidze, David"]
[Result "0-1"]
[WhiteElo "2094"]
[BlackElo "2426"]
[PlyCount "80"]

1. e4 c5 2. Nc3 Nc6 3. Bb5 Nd4 4. Bc4 g6 5. Nf3 Bg7 6. O-O d6 7. d3 e6 8. Nxd4
cxd4 9. Ne2 Ne7 10. f4 O-O 11. Kh1 Nc6 12. a3 a6 13. Ba2 Bd7 14. c3 Rc8 15. c4
Ne7 16. b4 Kh8 17. Bb2 e5 18. Ng3 f5 19. Qe2 Qc7 20. Rae1 b6 21. Bb3 Qb8 22.
Bc1 Rce8 23. Qc2 h6 24. fxe5 dxe5 25. exf5 Nxf5 26. Ne4 Nd6 27. h3 Nxe4 28.
dxe4 Rxf1+ 29. Rxf1 Rf8 30. Qd3 Be6 31. Kh2 Kh7 32. Bd2 Rxf1 33. Qxf1 b5 34.
Qd3 Qg8 35. cxb5 Bxb3 36. bxa6 Bc4 37. Qb1 Bxa6 38. b5 Bb7 39. a4 Qc4 40. a5
Qe2 0-1

[Event "5. Nord-West-Cup"]
[Site "?"]
[Date "2003.??.??"]
[Round "2"]
[White "Cioara, Andrei Nestor"]
[Black "Behl, Torsten"]
[Result "1-0"]
[WhiteElo "2396"]
[BlackElo "2094"]
[PlyCount "65"]

1. e4 c5 2. Nf3 d6 3. d4 cxd4 4. Nxd4 Nf6 5. Nc3 a6 6. Be3 e5 7. Nb3 Be6 8. f3
Be7 9. Qd2 Nbd7 10. g4 h6 11. O-O-O b5 12. Kb1 Nb6 13. Qf2 Rb8 14. Nc5 b4 15.
Nxe6 fxe6 16. Ne2 Qc7 17. Nc1 O-O 18. Qg2 a5 19. h4 Na4 20. g5 Ne8 21. Qg4 Nxb2
22. Qxe6+ Kh8 23. Kxb2 Rxf3 24. Bc4 d5 25. Bxd5 Nd6 26. gxh6 Bf6 27. hxg7+ Bxg7
28. Bh6 Bf6 29. Rhg1 Nb5 30. Rd3 Na3 31. Bb3 Rf2 32. Rg8+ Kh7 33. Rd7+ 1-0

[Event "5. Nord-West-Cup"]
[Site "?"]
[Date "2003.??.??"]
[Round "2"]
[White "Schmidt, Oliver"]
[Black "Hobuss, Udo"]
[Result "0-1"]
[WhiteElo "2073"]
[BlackElo "2394"]
[PlyCount "32"]

1. e4 c5 2. Nf3 Nc6 3. d4 cxd4 4. Nxd4 d6 5. Nc3 e5 6. Nf3 Nf6 7. Bg5 Be7 8.
Bxf6 Bxf6 9. Nd5 O-O 10. Qd2 Bg4 11. Be2 Rc8 12. c3 g6 13. Nxe5 Nxe5 14. Bxg4
Nxg4 15. Qf4 h5 16. h3 Bg5 0-1

[Event "5. Nord-West-Cup"]
[Site "?"]
[Date "2003.??.??"]
[Round "2"]
[White "Gudat, Alfons"]
[Black "Schmidt, Harald"]
[Result "0-1"]
[WhiteElo "2063"]
[BlackElo "2339"]
[PlyCount "108"]

1. e4 d6 2. d4 Nf6 3. Nc3 g6 4. Be3 Bg7 5. Qd2 c6 6. h3 O-O 7. Bd3 e5 8. Nf3
Nbd7 9. dxe5 dxe5 10. O-O Qc7 11. Rad1 Re8 12. a4 Nf8 13. Bc4 Be6 14. Qe2 Nh5
15. g4 Nf4 16. Bxf4 exf4 17. Rfe1 Qb6 18. e5 Qxb2 19. Ne4 Qa3 20. Nd6 Re7 21.
Rd4 Rd8 22. Bd3 Red7 23. Rxf4 Bxe5 24. Nb5 cxb5 25. Nxe5 Rd4 26. Rxd4 Rxd4 27.
axb5 Qd6 28. Qe3 Ra4 29. Nf3 Bd5 30. Qe5 Qd8 31. Nd2 b6 32. Ne4 Bxe4 33. Rxe4
Rxe4 34. Qxe4 Ne6 35. Bc4 Nc5 36. Qf3 Qe7 37. Qe2 Qxe2 38. Bxe2 g5 39. f3 Kg7
40. Kf2 Kf6 41. Ke3 Ke5 42. Bc4 f6 43. Bg8 h6 44. Bc4 Nb7 45. Bd3 Nd6 46. c4
Nb7 47. h4 gxh4 48. f4+ Kd6 49. Bf1 Kc5 50. Kd3 Nd6 51. Kc3 h3 52. Bxh3 Ne4+
53. Kc2 Kxc4 54. Bf1+ Kd4 0-1

[Event "5. Nord-West-Cup"]
[Site "?"]
[Date "2003.??.??"]
[Round "2"]
[White "Pajeken, Wolfgang"]
[Black "Hilverda, Alexander"]
[Result "1-0"]
[WhiteElo "2326"]
[BlackElo "2083"]
[PlyCount "69"]

1. d4 d5 2. c4 dxc4 3. Nf3 Nf6 4. Qa4+ Nbd7 5. g3 e6 6. Bg2 Be7 7. O-O O-O 8.
Qxc4 a6 9. Bf4 Nd5 10. Bd2 b5 11. Qc6 Rb8 12. e4 Bb7 13. Qc2 N5b6 14. b4 Nc4
15. Bc3 Ndb6 16. Nbd2 f5 17. Rfe1 Bf6 18. Nxc4 Bxe4 19. Rxe4 fxe4 20. Qxe4 bxc4
21. Qxe6+ Kh8 22. Ne5 Bxe5 23. dxe5 Qd3 24. Rc1 Na4 25. Bf1 Qf3 26. Bd4 Rxb4
27. Qe7 c5 28. Be2 Qf5 29. Bg4 Qf7 30. Qxf7 Rxf7 31. e6 Rfb7 32. Be5 c3 33. Bf5
Rb8 34. Bxb8 Rxb8 35. e7 1-0

[Event "5. Nord-West-Cup"]
[Site "?"]
[Date "2003.??.??"]
[Round "2"]
[White "Wahrenberg, Ralf"]
[Black "Sawatzki, Frank"]
[Result "0-1"]
[WhiteElo "2058"]
[BlackElo "2320"]
[PlyCount "58"]

1. d4 Nf6 2. Nf3 g6 3. c4 Bg7 4. Nc3 O-O 5. e4 d6 6. Be2 e5 7. O-O Na6 8. Re1
Qe8 9. d5 Bd7 10. a3 Nc5 11. Bf1 a5 12. b3 a4 13. b4 Nb3 14. Rb1 Nh5 15. Nd2
Nd4 16. c5 Qe7 17. cxd6 cxd6 18. Nc4 Rac8 19. Bd2 b5 20. Nb6 Rc7 21. Rc1 Be8
22. Ne2 Nb3 23. Rc2 f5 24. f3 fxe4 25. fxe4 Rxc2 26. Qxc2 Qd8 27. Be3 Nd4 28.
Bxd4 exd4 29. Nc8 d3 0-1

[Event "5. Nord-West-Cup"]
[Site "?"]
[Date "2003.??.??"]
[Round "2"]
[White "Schirm, Friedmar"]
[Black "Adam, Detlef"]
[Result "1-0"]
[WhiteElo "2305"]
[BlackElo "2066"]
[PlyCount "43"]

1. Nf3 d5 2. c4 c6 3. g3 g6 4. d4 Bg7 5. Bg2 Nd7 6. cxd5 cxd5 7. Nc3 Ngf6 8.
O-O O-O 9. Bf4 a6 10. Rc1 Nb6 11. Qb3 Nc4 12. Ne5 Na5 13. Qb4 e6 14. Na4 Nh5
15. Nb6 Nxf4 16. gxf4 Bxe5 17. fxe5 Nc6 18. Rxc6 bxc6 19. Nxa8 a5 20. Qb6 Qxb6
21. Nxb6 Ba6 22. Rc1 1-0

[Event "5. Nord-West-Cup"]
[Site "?"]
[Date "2003.??.??"]
[Round "2"]
[White "Rychlik, Kurt"]
[Black "Thinius, Marco"]
[Result "0-1"]
[WhiteElo "2058"]
[BlackElo "2304"]
[PlyCount "88"]

1. d4 Nf6 2. c4 e6 3. Nf3 Bb4+ 4. Nbd2 b6 5. a3 Bxd2+ 6. Nxd2 Bb7 7. f3 Nh5 8.
g3 f5 9. Bg2 O-O 10. O-O c5 11. e3 Nf6 12. b4 Qe7 13. Rb1 d6 14. Re1 Nbd7 15.
Bb2 Rfc8 16. e4 fxe4 17. fxe4 cxd4 18. Bxd4 Rc7 19. Qb3 Kh8 20. Bh3 Rd8 21.
Rbd1 e5 22. Bb2 Nf8 23. Qd3 Ba6 24. b5 Bb7 25. a4 N8d7 26. Nb3 Ne8 27. Ba3 Ndf6
28. c5 bxc5 29. Nxc5 Bc8 30. Bg2 Bg4 31. Na6 Bxd1 32. Nxc7 Bxa4 33. Nxe8 Qxe8
34. Rb1 Rc8 35. Rb4 Bc2 36. Qe2 Qd8 37. Rc4 Bb3 38. Rc6 Rxc6 39. bxc6 Qb6+ 40.
Qf2 Qxc6 41. Qxa7 Bg8 42. Qb8 Qc3 43. Bxd6 Qe3+ 44. Kf1 Ng4 0-1

[Event "5. Nord-West-Cup"]
[Site "?"]
[Date "2003.??.??"]
[Round "2"]
[White "Jaracz, Barbara"]
[Black "Fehsenfeld, Frithjof"]
[Result "1-0"]
[WhiteElo "2292"]
[BlackElo "2062"]
[PlyCount "129"]

1. e4 c6 2. d4 d5 3. exd5 cxd5 4. c4 Nf6 5. Nc3 e6 6. Nf3 Be7 7. cxd5 Nxd5 8.
Bd3 O-O 9. O-O Nc6 10. Re1 g6 11. Bh6 Re8 12. Qe2 Qa5 13. Rac1 Bd7 14. Bc4 Rad8
15. Qd2 Nxc3 16. bxc3 Bc8 17. Qf4 Qf5 18. Qe3 Ba3 19. Rcd1 b5 20. Bd3 Qh5 21.
Bg5 Rd5 22. Be4 Rd6 23. Bf4 e5 24. dxe5 Rxd1 25. Rxd1 Bb7 26. Rd7 g5 27. Rxb7
gxf4 28. Qxf4 Nxe5 29. g3 Nxf3+ 30. Bxf3 Qg6 31. Rxb5 Bd6 32. Qg4 Qxg4 33. Bxg4
Re1+ 34. Kg2 Rc1 35. Rd5 Bc7 36. Rd3 Bb6 37. Rf3 Kg7 38. a4 Ra1 39. Bd7 Ra2 40.
Bc6 Rc2 41. Bd5 f6 42. h4 Ba5 43. c4 Bb6 44. g4 Rb2 45. Be6 Rd2 46. Rf5 Rc2 47.
Kg3 Bc7+ 48. f4 Rc3+ 49. Kg2 Rc2+ 50. Kf3 Rd2 51. Rb5 Rd3+ 52. Ke4 Rd6 53. Bd5
Rb6 54. Rc5 Bd6 55. Rc8 Rb8 56. Rxb8 Bxb8 57. Be6 h6 58. f5 Kf8 59. Kd5 Ke7 60.
c5 Bg3 61. c6 Ke8 62. g5 fxg5 63. hxg5 hxg5 64. f6 Bd6 65. Kxd6 1-0

[Event "5. Nord-West-Cup"]
[Site "?"]
[Date "2003.??.??"]
[Round "2"]
[White "Walter, Stefan"]
[Black "Ljubarskij, Jurij"]
[Result "0-1"]
[WhiteElo "2051"]
[BlackElo "2292"]
[PlyCount "132"]

1. d4 f5 2. g3 Nf6 3. Bg2 e6 4. c4 Be7 5. Nc3 O-O 6. Qb3 Nc6 7. d5 Na5 8. Qa4
c6 9. Bd2 a6 10. Nd1 b6 11. Bxa5 bxa5 12. dxc6 dxc6 13. Bxc6 Rb8 14. a3 e5 15.
Nf3 e4 16. Nh4 Be6 17. Ng2 Qd4 18. Nf4 Bf7 19. O-O g5 20. Nd5 Nxd5 21. cxd5
Qxa4 22. Bxa4 Bxd5 23. Rc1 Rfd8 24. Ne3 Be6 25. Rc6 Kf7 26. Rxa6 f4 27. Rxa5
fxe3 28. fxe3+ Kg6 29. Bc2 Rxb2 30. Bxe4+ Kg7 31. Bd3 Rf8 32. Rxf8 Kxf8 33. Kf2
h6 34. Ra6 Kf7 35. a4 Bc5 36. Rc6 Bb6 37. Bb5 Ba5 38. Ra6 Bd8 39. Ra8 Be7 40.
Be8+ Kf6 41. Ra6 Bc5 42. Rc6 Ke7 43. Bg6 Bb6 44. Bd3 g4 45. Bb5 Bd8 46. Bc4 Rb6
47. Rxb6 Bxb6 48. Bd3 Kf6 49. Kg2 Bd7 50. h3 h5 51. Bc2 Bxe3 52. hxg4 hxg4 53.
a5 Bb5 54. Bd3 Bxd3 55. exd3 Ke5 56. a6 Ba7 57. Kf1 Kd4 58. Ke2 Kc3 59. Kf1
Kxd3 60. Kg2 Ke2 61. Kh1 Kf1 62. Kh2 Bb6 63. Kh1 Bg1 64. a7 Bxa7 65. Kh2 Bb8
66. Kh1 Kf2 0-1

[Event "5. Nord-West-Cup"]
[Site "?"]
[Date "2003.??.??"]
[Round "2"]
[White "Asendorf, Joachim"]
[Black "Janssen, Volker"]
[Result "1-0"]
[WhiteElo "2280"]
[BlackElo "2058"]
[PlyCount "51"]

1. c4 e5 2. g3 Nf6 3. Bg2 d5 4. cxd5 Nxd5 5. Nf3 Nc6 6. O-O Nb6 7. d3 Be7 8.
Nbd2 O-O 9. a3 a5 10. b3 f5 11. Bb2 Bf6 12. Qc2 Be6 13. Rfd1 Qd6 14. Rab1 Rfd8
15. Nc4 Nxc4 16. bxc4 a4 17. Bc3 Ra7 18. Nd2 b6 19. Rb5 Nd4 20. Bxd4 exd4 21.
c5 bxc5 22. Rxc5 Rb8 23. Rc6 Qd7 24. Qc5 Rab7 25. Rxe6 Qxe6 26. Bd5 1-0

[Event "5. Nord-West-Cup"]
[Site "?"]
[Date "2003.??.??"]
[Round "2"]
[White "Korba, Roman"]
[Black "Heinemann, Ernst"]
[Result "1/2-1/2"]
[WhiteElo "2096"]
[BlackElo "2263"]
[PlyCount "26"]

1. c4 g6 2. Nc3 Bg7 3. g3 Nf6 4. Bg2 c6 5. Nf3 d5 6. cxd5 cxd5 7. d4 O-O 8. Ne5
b6 9. O-O Bb7 10. Qa4 e6 11. Bg5 h6 12. Bf4 Nfd7 13. Nxd7 Nxd7 1/2-1/2

[Event "5. Nord-West-Cup"]
[Site "?"]
[Date "2003.??.??"]
[Round "2"]
[White "Meyer, Malte"]
[Black "Zotin, Vladimir"]
[Result "1-0"]
[WhiteElo "2244"]
[BlackElo "2051"]
[PlyCount "59"]

1. d4 g6 2. c4 Bg7 3. e4 c5 4. d5 d6 5. Nc3 Nf6 6. Nf3 O-O 7. h3 Na6 8. Bd3 Nc7
9. O-O Rb8 10. Re1 Nd7 11. Bf4 Re8 12. Qd2 a6 13. a4 Ne5 14. Nxe5 dxe5 15. Be3
Qd6 16. a5 Bd7 17. Na4 Bxa4 18. Rxa4 e6 19. b4 cxb4 20. Rxb4 exd5 21. cxd5 Qd7
22. Reb1 f5 23. Rxb7 Rxb7 24. Rxb7 Qc8 25. Rb1 fxe4 26. Bc4 Kh8 27. d6 Rd8 28.
dxc7 Rxd2 29. Rb8 Rd8 30. cxd8=Q+ 1-0

[Event "5. Nord-West-Cup"]
[Site "?"]
[Date "2003.??.??"]
[Round "2"]
[White "Giese, Stefan"]
[Black "Schütte, Marc"]
[Result "0-1"]
[WhiteElo "1829"]
[BlackElo "2232"]
[PlyCount "134"]

1. Nf3 d5 2. g3 c6 3. Bg2 e6 4. O-O f5 5. d3 Nf6 6. Nbd2 Be7 7. Qe1 Na6 8. a3
O-O 9. e4 Nc5 10. e5 Ne8 11. b4 Na4 12. Nb3 b6 13. Be3 Nc7 14. Nfd4 Qd7 15. c4
c5 16. bxc5 bxc5 17. Ne2 Rb8 18. Na5 Rb6 19. d4 Ba6 20. Qc1 Rc8 21. Ra2 Rbb8
22. Rc2 dxc4 23. Nxc4 Bxc4 24. Rxc4 Nb6 25. Rc2 c4 26. Nc3 Ncd5 27. Rd1 Na4 28.
Bxd5 exd5 29. Bd2 Rb3 30. Ra2 Rcb8 31. Re1 Nxc3 32. Bxc3 Qa4 33. Qc2 g6 34.
Rea1 R8b6 35. Bb4 Bd8 36. Kg2 Rb7 37. h4 Bb6 38. Bc3 a5 39. h5 Kg7 40. hxg6
hxg6 41. Qd2 Bd8 42. Rh1 g5 43. Qc2 Rf7 44. e6 Rf6 45. g4 Qe8 46. gxf5 Qf8 47.
Raa1 Rxf5 48. Rae1 Rxc3 49. Qxc3 Rxf2+ 50. Kg1 Rf4 51. Rh3 Bf6 52. e7 Bxe7 53.
Qc2 Rh4 54. Rxh4 gxh4 55. Qg2+ Kh8 56. Qxd5 c3 57. Qc4 Bxa3 58. Rf1 Qg8+ 59.
Qxg8+ Kxg8 60. Rf2 Bb4 61. d5 a4 62. Kf1 a3 63. Kg2 Bc5 64. Re2 Kf7 65. Kh3 Be7
66. Kg2 Bg5 67. Rc2 Bd2 0-1

[Event "5. Nord-West-Cup"]
[Site "?"]
[Date "2003.??.??"]
[Round "2"]
[White "Meyer, Thorsten"]
[Black "Tchetchelnitski, Boris"]
[Result "1-0"]
[WhiteElo "1978"]
[BlackElo "2230"]
[PlyCount "139"]

1. e4 e6 2. d4 d5 3. exd5 exd5 4. Bd3 Nc6 5. c3 Bd6 6. Ne2 Qh4 7. Ng3 Nge7 8.
Nd2 Bg4 9. Nf3 Qf6 10. Be2 h5 11. Qc2 Qe6 12. Ng5 Qd7 13. f3 Be6 14. Bd3 h4 15.
Ne2 Bf5 16. Bd2 f6 17. Bxf5 Qxf5 18. Qxf5 Nxf5 19. Nh3 O-O-O 20. O-O g5 21.
Rae1 Rde8 22. Nc1 Na5 23. Nd3 Nc4 24. Bc1 b6 25. b3 Na5 26. Nhf2 Ng7 27. Ng4
Nh5 28. f4 Re4 29. Ngf2 Rxe1 30. Rxe1 gxf4 31. Nh3 f3 32. gxf3 Rg8+ 33. Kh1 Nb7
34. Nhf4 Nxf4 35. Nxf4 Bxf4 36. Bxf4 Kd7 37. Rg1 Rxg1+ 38. Kxg1 Nd8 39. Kg2 Ne6
40. Bh6 c5 41. Be3 cxd4 42. cxd4 Ng7 43. Kh3 Ke6 44. Bf2 Kf5 45. Bxh4 Ne6 46.
Bf2 Kf4 47. Kg2 Ng7 48. Bh4 Nh5 49. Kf2 Kf5 50. Bg3 Ng7 51. Ke3 Nh5 52. a4 a6
53. Bc7 b5 54. axb5 axb5 55. Kd3 Ke6 56. Kc3 Kd7 57. Bg3 Kc6 58. Bh4 f5 59. Bg5
Ng7 60. h4 Nh5 61. Bd2 Ng3 62. Kd3 Nh5 63. Bh6 Kd7 64. Kc3 Kc6 65. Kb4 Kb6 66.
Bg5 Kc6 67. Ka5 Ng3 68. Bf4 Nh5 69. Be5 f4 70. Ka6 1-0

[Event "5. Nord-West-Cup"]
[Site "?"]
[Date "2003.??.??"]
[Round "2"]
[White "Lundin, Jan"]
[Black "Segelken, Peter"]
[Result "1-0"]
[WhiteElo "2220"]
[BlackElo "2009"]
[PlyCount "63"]

1. d4 d5 2. c4 e6 3. Nc3 Nf6 4. Nf3 Be7 5. cxd5 exd5 6. Qc2 c6 7. Bf4 Nbd7 8.
e3 Nh5 9. Bg3 Ndf6 10. Be5 Nd7 11. Bd3 Nxe5 12. Nxe5 g6 13. O-O-O Ng7 14. Kb1
Be6 15. h3 Qa5 16. g4 f6 17. Nf3 a6 18. Nd2 Qd8 19. Nb3 O-O 20. Ne2 a5 21. f4
f5 22. Nc5 Bxc5 23. dxc5 fxg4 24. Nd4 Bc8 25. hxg4 Bxg4 26. Rdg1 Qd7 27. Qh2
Nh5 28. Qh4 Nf6 29. f5 Bh5 30. fxg6 h6 31. Bf5 Qc7 32. Be6+ 1-0

[Event "5. Nord-West-Cup"]
[Site "?"]
[Date "2003.??.??"]
[Round "2"]
[White "Campe, Uwe"]
[Black "Schneider, Ilja"]
[Result "0-1"]
[WhiteElo "1765"]
[BlackElo "2217"]
[PlyCount "60"]

1. d4 Nf6 2. c4 e5 3. dxe5 Ng4 4. Nf3 Bc5 5. e3 Nc6 6. Be2 O-O 7. O-O Re8 8.
Nbd2 Ngxe5 9. Nxe5 Nxe5 10. Nf3 Ng4 11. Nd4 Nf6 12. b3 d6 13. Bb2 a5 14. Qc2
Ng4 15. a3 Qg5 16. Nf3 Qh6 17. Bd4 Bxd4 18. exd4 Qf4 19. Bd3 Nf6 20. Qd2 Nh5
21. Rfe1 Bg4 22. Qxf4 Nxf4 23. Be4 f5 24. Bxb7 Rxe1+ 25. Rxe1 Rb8 26. Bc6 Bxf3
27. Bxf3 Rxb3 28. a4 Kf8 29. Bd1 Rb1 30. Kf1 Nd3 0-1

[Event "5. Nord-West-Cup"]
[Site "?"]
[Date "2003.??.??"]
[Round "2"]
[White "Leiber, Bernhard"]
[Black "zur Brügge, Carsten"]
[Result "1/2-1/2"]
[WhiteElo "2208"]
[BlackElo "2103"]
[PlyCount "85"]

1. e4 e5 2. Nf3 Nc6 3. Bb5 a6 4. Ba4 Nf6 5. O-O Be7 6. Re1 b5 7. Bb3 O-O 8. a4
b4 9. d3 d6 10. Nbd2 Na5 11. Ba2 Be6 12. Bxe6 fxe6 13. d4 exd4 14. Nxd4 Qd7 15.
b3 g6 16. Qe2 e5 17. N4f3 Nh5 18. Nf1 Nf4 19. Bxf4 Rxf4 20. N3d2 Bg5 21. Rad1
Qc6 22. Ne3 Rf7 23. Nec4 Nxc4 24. Nxc4 Raf8 25. f3 Bf4 26. Rd3 h5 27. Qf2 h4
28. Qxh4 Rh7 29. Qf2 Rxh2 30. Ne3 Bxe3 31. Qxe3 Rh7 32. Re2 Rf4 33. c3 bxc3 34.
Rxc3 Qb7 35. Rec2 a5 36. g3 Rff7 37. Qg5 Qc8 38. g4 Kg7 39. Rh2 Rxh2 40. Kxh2
Qa6 41. Qd2 Qf1 42. Qg2 Qe1 43. Qc2 1/2-1/2

[Event "5. Nord-West-Cup"]
[Site "?"]
[Date "2003.??.??"]
[Round "2"]
[White "Haase, Sven"]
[Black "Mühlenhaus, Sven"]
[Result "0-1"]
[WhiteElo "1652"]
[BlackElo "2193"]
[PlyCount "86"]

1. e4 e5 2. f4 exf4 3. Bc4 Nf6 4. Nc3 c6 5. e5 d5 6. exf6 dxc4 7. fxg7 Bxg7 8.
Nf3 O-O 9. O-O Be6 10. d4 cxd3 11. Qxd3 Qxd3 12. cxd3 Rd8 13. Bxf4 Rxd3 14.
Rad1 Rxd1 15. Rxd1 Na6 16. Be5 Nb4 17. a3 Nd5 18. Ne4 Bg4 19. Bxg7 Kxg7 20. Kf2
Re8 21. Rd4 Bxf3 22. Kxf3 f5 23. Nd6 Re3+ 24. Kf2 Rb3 25. Nxf5+ Kf6 26. Ng3
Rxb2+ 27. Kg1 Ne3 28. Rd7 Rxg2+ 29. Kh1 Rb2 30. h4 h6 31. Ne4+ Ke5 32. Nc5 Rb1+
33. Kh2 b6 34. Na6 Rb2+ 35. Kg1 Rg2+ 36. Kh1 Rg4 37. Nb8 Rxh4+ 38. Kg1 c5 39.
Rxa7 c4 40. Nd7+ Kd4 41. Nxb6 c3 42. Rc7 c2 43. a4 Rf4 0-1

[Event "5. Nord-West-Cup"]
[Site "?"]
[Date "2003.??.??"]
[Round "2"]
[White "Krause, Thomas"]
[Black "Wiege, Andre"]
[Result "0-1"]
[WhiteElo "2186"]
[BlackElo "1977"]
[PlyCount "71"]

1. Nf3 Nf6 2. c4 d6 3. g3 e5 4. Nc3 Nbd7 5. Bg2 c6 6. O-O Qc7 7. d3 Be7 8. e4
O-O 9. Rb1 Re8 10. b4 Nf8 11. h3 Ne6 12. Be3 Nd7 13. Qd2 g6 14. h4 f5 15. Bh6
Nf6 16. exf5 gxf5 17. Rbe1 Ng4 18. Bh3 Nxh6 19. Qxh6 Bf8 20. Qd2 f4 21. Bxe6+
Rxe6 22. Ne4 Qg7 23. Kh2 Rg6 24. Rg1 Bg4 25. Nfg5 Qh6 26. f3 Bf5 27. Kg2 fxg3
28. Kxg3 d5 29. Nf2 Bd6 30. c5 Bc7 31. Ng4 Qg7 32. Kf2 Rf8 33. Ne3 Bc8 34. h5
Rxg5 35. Rxg5 Qxg5 36. Rg1 0-1

[Event "5. Nord-West-Cup"]
[Site "?"]
[Date "2003.??.??"]
[Round "2"]
[White "Kolthoff, Siegmund"]
[Black "Aßmus, Sven"]
[Result "1-0"]
[WhiteElo "2180"]
[BlackElo "1719"]
[PlyCount "51"]

1. d4 c6 2. Nf3 d5 3. c4 Nf6 4. Nc3 dxc4 5. a4 Bf5 6. Ne5 Na6 7. f3 h6 8. e4
Bh7 9. Bxc4 e6 10. Nxc6 bxc6 11. Bxa6 Qb6 12. Qe2 Qxd4 13. Bb7 Bb4 14. Bxc6+
Ke7 15. Be3 Bxc3+ 16. Kf2 Qe5 17. bxc3 Rac8 18. Qb5 Qxb5 19. axb5 Nh5 20. Rxa7+
Kd6 21. Rd1+ Ke5 22. Bd4+ Kf4 23. Rxf7+ Kg5 24. Be3+ Kg6 25. Re7 Bg8 26. e5 1-0

[Event "5. Nord-West-Cup"]
[Site "?"]
[Date "2003.??.??"]
[Round "2"]
[White "Kerker, Andreas"]
[Black "Reininga, Jannes"]
[Result "1-0"]
[WhiteElo "2151"]
[BlackElo "1630"]
[PlyCount "95"]

1. e4 c6 2. d4 d5 3. exd5 cxd5 4. c4 Nf6 5. Nc3 Nc6 6. Nf3 Bg4 7. cxd5 Nxd5 8.
Qb3 Bxf3 9. gxf3 e6 10. Qxb7 Nxd4 11. Bb5+ Nxb5 12. Qc6+ Ke7 13. Qxb5 Qd7 14.
Nxd5+ exd5 15. Qxd7+ Kxd7 16. Be3 Bb4+ 17. Ke2 Rhc8 18. Rac1 a6 19. Rxc8 Rxc8
20. Rc1 Rxc1 21. Bxc1 Be7 22. Kd3 Kc6 23. Be3 f6 24. h3 Bd6 25. Bd4 Be5 26. Ke3
Bd6 27. f4 Kb5 28. f3 Kc4 29. b3+ Kb5 30. Bc3 Bc5+ 31. Kd3 Bd6 32. a4+ Kc6 33.
f5 Be5 34. b4 Bd6 35. Bd2 Be5 36. f4 Bd6 37. Kd4 Bb8 38. b5+ axb5 39. axb5+
Kxb5 40. Kxd5 Bc7 41. Bc1 Kb4 42. Ke6 Kc4 43. Kf7 Kd5 44. Kxg7 Bd8 45. Kxh7 Ke4
46. Kg6 Kf3 47. h4 Kg4 48. h5 1-0

[Event "5. Nord-West-Cup"]
[Site "?"]
[Date "2003.??.??"]
[Round "2"]
[White "Vasiljevic, Dragan"]
[Black "Krabbe-Rachut, Helmut"]
[Result "1-0"]
[WhiteElo "2361"]
[BlackElo "1705"]
[PlyCount "63"]

1. d4 d5 2. Nf3 Nf6 3. e3 e6 4. Nbd2 Be7 5. Bd3 b6 6. b3 Bb7 7. Bb2 Nbd7 8. O-O
O-O 9. Ne5 c5 10. f4 Ne4 11. Nxe4 dxe4 12. Bc4 Nxe5 13. fxe5 Qc7 14. Qe2 Rac8
15. Rf2 Ra8 16. Rd1 Rad8 17. Qg4 a6 18. a4 Qd7 19. Rdf1 Bd5 20. Bxa6 cxd4 21.
exd4 Ra8 22. Bb5 Qc7 23. c4 Bb7 24. Bc1 h5 25. Qxh5 f5 26. Qg6 Bc8 27. Bh6 Bb4
28. Be3 Rf7 29. Rf4 Be7 30. Rg4 Bd8 31. Rg3 Bh4 32. Rh3 1-0

[Event "5. Nord-West-Cup"]
[Site "?"]
[Date "2003.??.??"]
[Round "2"]
[White "Hilmer, Frank"]
[Black "Kohlmann, Arndt"]
[Result "1-0"]
[WhiteElo "2223"]
[BlackElo "1273"]
[PlyCount "39"]

1. d4 d5 2. c4 c6 3. Nf3 Nf6 4. Nc3 Bf5 5. cxd5 cxd5 6. Qb3 b6 7. e4 dxe4 8.
Bb5+ Bd7 9. Ne5 e6 10. Bg5 Be7 11. Bxf6 Bxf6 12. Nxe4 Bxe5 13. dxe5 Bxb5 14.
Qxb5+ Qd7 15. Nd6+ Kd8 16. Qe2 a6 17. O-O Rf8 18. Rfd1 Qa4 19. b3 Qc6 20. Rac1
1-0